10 Most Famous Cities in Qatar on a Map - Statistics

General Stats
  • This quiz has been taken 57 times
  • The average score is 4 of 11
Answers on the Map
Answers color-coded by a green-red scale on the quiz's map according to % correct below.
 
Answer Stats
Wiki Monthly Views Cityquiz Mention Rate Population Answers % Correct
158.59K 40.19% 872.05K Doha
100%
20.89K - 8.84K Lusail
50%
8.70K 0.82% 799.93K Al Rayyan
47%
5.71K 0.54% 94.27K Al Wakrah
36%
5.86K 0.74% 91.58K Al Khor
33%
1.60K 0.24% 10.20K Dukhan
19%
1.70K 0.00% 29.33K Mesaieed
19%
1.80K 0.04% 149.70K Umm Salal
19%
1.29K 0.01% 67.18K Al-Shahaniya
17%
2.27K 0.03% 12.59K Al Shamal
14%
1.51K - 91.25K Al Daayen
11%
No matching quizzes found
Score Distribution
Percent of People with Each Score
Percentile by Number Answered
Your Score History
You have not taken this quiz